| 000 | 00959nam0a22002891 4500 | ||
|---|---|---|---|
| 001 | RU\NLR\INFOCOMM_17\5000668246 | ||
| 005 | 20250613094836.0 | ||
| 035 | _a(NLR Aleph) 009277626 | ||
| 090 |
_a9141206 _c9141206 |
||
| 100 | _a20100908d1962 |||y0rusy50 ca | ||
| 101 | 0 | _ager | |
| 102 | _aRU | ||
| 105 | _aa ||||000|y | ||
| 200 | 1 |
_aDer Arbeitsschutz in der UdSSR _fG. Duwankow und K. Judin |
|
| 210 |
_aМ. _cProfisdat _d1962 |
||
| 215 |
_a38 с. _cил. _d20 см |
||
| 300 | _aНа обороте тит. л.: Г. Дуванков, К. Юдин. Охрана труда в СССР | ||
| 606 |
_aОхрана труда _yСССР _2nlr_sh1 |
||
| 686 |
_aЭ3-135 _2rubbk |
||
| 700 | 1 |
_9z02790 _aDuvankov _bG. S. _gGeoorgij Semenovič _4070 |
|
| 701 | 1 |
_aJudin _bK. A. _gKirill Aleksandrovič _4070 |
|
| 790 | 1 |
_9z02700 _aDuwankow _bG. _4070 |
|
| 801 | 1 |
_aRU _bNLR _c20100908 |
|
| 801 | 0 |
_aRU _bNLR _gPSBO |
|
| 852 |
_aNLR _jЭк75 Г-4/116 |
||
| 942 | _cBOOK | ||
| 980 | _aNB | ||